|
|
|
|
| LEADER |
00000naa2a2200000 4500 |
| 001 |
400573 |
| 005 |
20231101065417.0 |
| 035 |
|
|
|a (RuTPU)RU\TPU\prd\43043
|
| 035 |
|
|
|a RU\TPU\prd\43042
|
| 090 |
|
|
|a 400573
|
| 100 |
|
|
|a 20060426a2006 k y0rusy50 ca
|
| 101 |
0 |
|
|a rus
|
| 102 |
|
|
|a RU
|
| 200 |
1 |
|
|a В поисках своих корней
|e О нравственной силе, генеалогии и истории в лицах
|f О. Л. Кабачек
|
| 225 |
1 |
|
|a Патриотическое воспитание
|
| 461 |
|
0 |
|0 (RuTPU)RU\TPU\prd\12643
|t Библиотечное дело
|o ежемесячный журнал
|d 2003-
|
| 463 |
|
0 |
|0 (RuTPU)RU\TPU\prd\42941
|t № 2
|v С. 20-22
|d 2006
|
| 610 |
1 |
|
|a патриотическое воспитание
|
| 610 |
1 |
|
|a история
|
| 610 |
1 |
|
|a историческая память
|
| 610 |
1 |
|
|a генеалогия
|
| 610 |
1 |
|
|a нравственная сила
|
| 610 |
1 |
|
|a родовая память
|
| 700 |
|
1 |
|a Кабачек
|b О. Л.
|g Ольга Леонидовна
|
| 801 |
|
1 |
|a RU
|b 63413507
|c 20060426
|g PSBO
|
| 801 |
|
2 |
|a RU
|b 63413507
|c 20060426
|g PSBO
|
| 942 |
|
|
|c BK
|